Statistics for All-NBA Teams 2017

Click here to take the quiz!

General Stats

  • This quiz has been taken 225 times
  • The average score is 14 of 15

Answer Stats

Answer% Correct
James Harden
100%
LeBron James
100%
Russell Westbrook
100%
Anthony Davis
98%
Stephen Curry
98%
Draymond Green
97%
Giannis Antetokounmpo
97%
Kawhi Leonard
97%
Kevin Durant
96%
Rudy Gobert
93%
John Wall
91%
DeMar DeRozan
88%
DeAndre Jordan
82%
Jimmy Butler
82%
Isaiah Thomas
79%

Score Distribution

Percentile by Number Answered

Percent of People with Each Score

Your Score History

You have not taken this quiz